Reverse Dictionary #72 - Statistics

General Stats
  • This quiz has been taken 29 times
  • The average score is 18 of 25
Answer Stats
Definition First
Letter
Word % Correct
Not asleep; conscious. A Awake
100%
A group of people who are closely related to one another (by blood, marriage or adoption); kin; in particular, a set of parents and their children. F Family
100%
To do or say again (and again). R Repeat
100%
An upright open container used mainly for displaying fresh, dried, or artificial flowers. V Vase
100%
A long, thin, sharp implement usually for piercing as in sewing, embroidery, acupuncture, tattooing, body piercing, medical injections, sutures, etc; or a blunt but otherwise similar implement used for forming loops or knots in crafts such as darning, knitting, tatting, etc. N Needle
96%
A gathering of (usually invited) guests for entertainment, fun and socializing. P Party
96%
A room in a house, apartment, hotel or other dwelling where furniture for sleeping is kept. B Bedroom
92%
A supporting, lower or bottom component of a structure or object. B Base
84%
A visible mass of water droplets suspended in the air. C Cloud
84%
Preceding all others of a series or kind; the ordinal of one; earliest. F First
84%
To be aware of through observation, inquiry, or information. K Know
84%
An outer garment covering the arms and at least the upper torso. C Coat
80%
An amphibian, a kind of frog (order Anura) with shorter hindlegs and a drier, wartier skin, many in family Bufonidae. T Toad
80%
Being overly concerned with physical possessions and wealth. M Materialistic
72%
Personally accountable. R Responsible
72%
A container with a flat base and sides, typically square or rectangular and having a lid. B Box
68%
Dissatisfied and irritable; grouchy. G Grumpy
68%
To return to an earlier part (of a film, sound recording, video file, etc.) R Rewind
68%
Having the necessary powers or the needed resources to accomplish a task. A Able
60%
A person's essential being that distinguishes them from others, especially considered as the object of introspection or reflexive action. S Self
56%
To turn something, especially repeatedly, or to turn or wrap one thing around another. T Twist
56%
Having an extreme, irrational zeal or enthusiasm for a specific cause. F Fanatical
44%
The best, most favourable or desirable, especially under some restriction. O Optimal
36%
Resounding, echoing. R Resonant
32%
Shining with sparkling light. G Glistening
24%
No matching quizzes found
Score Distribution
Percent of People with Each Score
Percentile by Number Answered
Your Score History
You have not taken this quiz